书目信息 |
| 题名: |
汽车发动机环境对应技术
|
|
| 作者: | 井上悳太 , 迁村钦司 主编 ;刘显臣 译 | |
| 分册: | ||
| 出版信息: | 北京 机械工业出版社 2020.1 |
|
| 页数: | 196页 | |
| 开本: | 26cm | |
| 丛书名: | 汽车先进技术译丛 | |
| 单 册: | ||
| 中图分类: | X734.2 | |
| 科图分类: | ||
| 主题词: | 汽车--发动机--环境污染--污染控制--研究 | |
| 电子资源: | ||
| ISBN: | 978-7-111-64116-2 | |
| 000 | 01299nam0 2200313 45 | |
| 001 | 012001002565 | |
| 005 | 20140914142102.0 | |
| 010 | @a978-7-111-64116-2@dCNY79.00 | |
| 100 | @a20200613d2020 em y0chiy50 ea | |
| 101 | 0 | @achi |
| 102 | @aCN@b110000 | |
| 105 | @aa z 000yy | |
| 106 | @ar | |
| 200 | 1 | @a汽车发动机环境对应技术@Aqi che fa dong ji huan jing dui ying ji shu@b专著@f(日)井上悳太,(日)迁村钦司主编@g刘显臣译 |
| 210 | @a北京@c机械工业出版社@d2020.1 | |
| 215 | @a196页@c图@d26cm | |
| 225 | 2 | @a汽车先进技术译丛@i日本汽车技术协会·汽车技术经典书系@v1 |
| 305 | @a由Asakura Publishing Company, Ltd.授权出版 | |
| 306 | @a本书限中国大陆发行 | |
| 330 | @a本书以汽车发动机的环境保护技术研究成果为主线,从多个角度加以阐述,如排放废气及燃油消耗相关的法规,火花点火式发动机及压缩点火式发动机的燃烧、构造、排放处理、控制、燃料,以及包含代用燃料、混合动力的电动汽车、废气涡轮增压等。 | |
| 461 | 0 | @12001 @a汽车先进技术译丛 |
| 462 | 0 | @12001 @a日本汽车技术协会·汽车技术经典书系@v1 |
| 606 | 0 | @a汽车@x发动机@x环境污染@x污染控制@x研究 |
| 690 | @aX734.2@v5 | |
| 701 | 0 | @c(日)@a井上悳太@Ajing shang duo tai@4主编 |
| 701 | 0 | @c(日)@a迁村钦司@Aqian cun qin si@4主编 |
| 702 | 0 | @a刘显臣@Aliu xian chen@4译 |
| 801 | 2 | @aCN@bBJSDL@c20211018 |
| 905 | @b1344380-3@dX734.2@e360@f4 | |
| 汽车发动机环境对应技术/(日)井上悳太,(日)迁村钦司主编/刘显臣译.-北京:机械工业出版社,2020.1 |
| 196页:图;26cm.-(汽车先进技术译丛.日本汽车技术协会·汽车技术经典书系;1) |
| ISBN 978-7-111-64116-2:CNY79.00 |
| 本书以汽车发动机的环境保护技术研究成果为主线,从多个角度加以阐述,如排放废气及燃油消耗相关的法规,火花点火式发动机及压缩点火式发动机的燃烧、构造、排放处理、控制、燃料,以及包含代用燃料、混合动力的电动汽车、废气涡轮增压等。 |
| ● |
| 相关链接 |
|
|
|
|
正题名:汽车发动机环境对应技术
索取号:X734.2/360
 
预约/预借
| 序号 | 登录号 | 条形码 | 馆藏地/架位号 | 状态 | 备注 |
| 1 | 1344380 | 213443807 | 第二样本阅览室/ [索取号:X734.2/360] | 在馆 | |
| 2 | 1344381 | 213443816 | 第三借阅区/ [索取号:X734.2/360] | 在馆 | |
| 3 | 1344382 | 213443825 | 第三借阅区/ [索取号:X734.2/360] | 在馆 | |
| 4 | 1344383 | 213443834 | 第三借阅区/ [索取号:X734.2/360] | 在馆 |